000 00270nam a2200109Ia 4500
008 200302s9999 xx 000 0 und d
100 _aZaha Hadid
245 _aThe complete zaha hadid expanded and updated
260 _bThames and hadsons
260 _c2017
300 _a320
999 _c7325
_d7325